| 000 | 00481nab a22001457 4500 | ||
|---|---|---|---|
| 003 | ES-SlBCS | ||
| 005 | 20220508134003.0 | ||
| 008 | 220508s2022 sp ||||| |||| 00| 0 spa d | ||
| 040 |
_aES-SlBCS _bspa |
||
| 041 | _aspa | ||
| 100 | 1 |
_977660 _aTreek Nilsson, Mike D. Van |
|
| 245 | 1 | 3 |
_aEl futuro de la teología _b: una perspectiva bíblica _cMike D. Van Treek Nilsson |
| 773 | 0 |
_gVol. 61, núm. 241, 2022, págs. 10-22 _tSelecciones de Teología _wRev424 _x0037-119X |
|
| 942 |
_2lcc _cAR |
||
| 999 |
_c880721 _d880721 |
||